| 000 | 02517nam0a2200337 4500 | ||
|---|---|---|---|
| 001 | RU\NLR\BIBL_A\016360905 | ||
| 005 | 20260405193000.0 | ||
| 010 |
_a978-5-93339-307-8 _9500 |
||
| 035 | _a(NLR Aleph) 016360905 | ||
| 090 |
_a13151107 _c13151107 |
||
| 100 | _a20230503d2015 |||y0rusy50 ca | ||
| 101 | 0 | _arus | |
| 102 | _aRU | ||
| 105 | _aa j 000zy | ||
| 181 | 0 |
_ai _baxxe |
|
| 182 | 0 | _an | |
| 200 | 1 |
_aМетоды обследования психосоматического статуса больных с синдромом болевой дисфункции височно-нижнечелюстного сустава _eучебное пособие _eдля врачей-стоматологов, врачей функциональной диагностики, слушателей курсов усовершенствования врачей _fТ. А. Лопушанская, Ю. В. Коцюбинская, В. А. Михайлов, И. А. Ашнокова _gГосударственное бюджетное образовательное учреждение высшего профессионального образования "Северо-Западный государственный медицинский университет имени И. И. Мечникова" Министерства здравоохранения Российской Федерации, Кафедра ортопедической стоматологии |
|
| 203 |
_aТекст _bвизуальный _cнепосредственный |
||
| 210 |
_aСанкт-Петербург _cЧеловек _d2015 |
||
| 215 |
_a56 c. _cцв. ил., табл. _d21 |
||
| 320 | _aБиблиогр.: с. 55-56 (15 назв.) | ||
| 606 | 1 |
_aВисочно-нижнечелюстной сустав _jУчебные издания для повышения квалификации _xДисфункции _xПсихосоматический статус больных _92564610 _3RU\NLR\AUTH\6601728907 |
|
| 686 | 1 | _aР665.634-435я77 | |
| 701 | 1 |
_aЛопушанская _bТ. А. _gТатьяна Алексеевна |
|
| 701 | 1 |
_aКоцюбинская _bЮ. В. _gЮлия Вадимовна |
|
| 701 | 1 |
_7ca _8rus _aМихайлов _bВ. А. _cд-р мед. наук _gВладимир Алексеевич _967758 _3RU\NLR\AUTH\7784830 |
|
| 701 | 1 |
_aАшнокова _bИ. А. _gИнна Аслановна |
|
| 942 | _cBOOK | ||
| 980 | _aNB | ||